| 000 | 01016nam a2200229Ia 4500 | ||
|---|---|---|---|
| 001 | 10125 | ||
| 003 | GE_BSU | ||
| 008 | 181216s||||||||xx |||||||||||||| ||und|| | ||
| 020 | _a9789941056482 | ||
| 040 | _cGE_BSU | ||
| 080 | _a94(479.22)+912.43(479.22) | ||
| 100 | _aჯაფარიძე,ანანია მიტროპოლიტი | ||
| 245 | _aსაქართველოს ისტორია.საერო და საეკლესიო რუკების მიხედვით (ნაწ.1.უძველესი ხანიდან 10 საუკუნის ჩათვლით) | ||
| 245 | _bნაწ.1 უძველესი ხანიდან 10 საუკუნის ჩათვლით | ||
| 245 | _cრედ.ი.გორგიძე | ||
| 260 | _aთბილისი | ||
| 260 | _bგუმბათი | ||
| 260 | _c2012 | ||
| 300 | _a148გვ.20სმ. | ||
| 653 | _aსაქართველოს ისტორია | ||
| 942 | _cBK | ||
| 999 |
_c43397 _d43397 |
||